Guardei as lágrimas no bolso (Registo nº 14671)

Detalhes MARC
000 -Etiqueta do registo
campo de controlo de comprimento fixo 007800000a22002410004500
001 - Identificador do registo
Campo de controlo 14671
010 ## - ISBN
Número (ISBN) 972-22-1878-6
100 ## - Dados Gerais de Proc.
Dados gerais de processamento 20041102d1998 de|y0pory5003 ba
101 0# - Língua da publicação
Língua do texto, banda sonora, etc. Português
102 ## - País de Publicação
País de publicação Portugal
200 1# - Título
Título próprio Guardei as lágrimas no bolso
Primeira menção de responsabilidade texto de Ana Meireles
Outras menções de responsabilidade il. de Cristina Malaquias
210 ## - Publicação, Distribuição
Lugar da edição, distribuição, etc. Lisboa
Nome do editor, distribuidor, etc. Verbo
Data da publicação, distribuição, etc. 1998
215 ## - Descrição física
Descrição física 103, [9] p.
Outras indicações físicas il
225 2# - Colecção
Título próprio da colecção Grande prémio
Indicação de volume 15
300 ## - Notas gerais
Texto da nota Recomendado a partir dos 12 anos.
675 ## - CDU
Notação 087.5
Edição BN
Língua da edição Português
675 ## - CDU
Notação 821.134.3-31
Edição BN
Língua da edição Português
675 ## - CDU
Notação 821.134.3-93
Edição BN
Língua da edição Português
700 #1 - Responsabilidade principal
Koha Internal Code 31178
Palavra de ordem Meireles
Outra parte do nome Ana
702 #1 - Responsabilidade secundária
Koha Internal Code 29404
Código de função Ilustrador
Palavra de ordem Malaquias
Outra parte do nome Cristina
Datas 1955-
090 ## - Números de controlo do sistema (Koha)
Número biblioitem do Koha (gerado automaticamente) 14671
942 ## - Elementos de entrada adicionados (Koha)
Tipo de item no Koha Monografias
Suprimido Disponível no OPAC
999 ## - Campo local
Campo local 14671
Exemplares
Perdido (estado) Data de aquisição Origem do registo (biblioteca) (codificado) Código da organização que empresta ou é detentora (biblioteca) Localização da prateleira Código de barras Local Número de inventário Cota Tipo de circulação (não pode ser emprestado) Tipo de item e material Removido (estado) Numeração (volume ou outra parte)
Disponível 2021-03-19 Biblioteca EB1 da Horta do Carmo Biblioteca EB1 da Horta do Carmo   BE1HC2574   2574 82-93 MEI Normal Monografias Disponível 15
Disponível 2004-11-02 Biblioteca Municipal Álvaro de Campos Biblioteca Municipal Álvaro de Campos Plano Nacional de Leitura – 2.º Ciclo BMTAV30083 Sala Infantil 30083 MJ5 MEI Normal Monografias    
Disponível 2004-11-02 Biblioteca Municipal Álvaro de Campos Biblioteca Municipal Álvaro de Campos   BMTAV44036     MJ5 MEI-D Normal Monografias